01239ngm a2200325 a 450000500170000000800410001702000180005808200170007624500600009325000180015330000670017149000460023850000510028450000460033565000480038165000550042970000380048470000420052270000430056470000340060770000360064170000400067794200130071726400450073033600270077533700330080233800280083504000350086399900150089820220317001420.0161108s2007 ck g 000 0 spa  a978958747042004a791.437bG7100aGrandes directores del cine europeohvideodisco digital a1a. edición a6 DVDbsonido, en blanco y negro y en colorc12 cme1 cartilla aCine club películas para coleccionistas aIncluye libro con reseñas de las películas aPelículas con subtítulos en español142LEMBaCine vVideodiscosxEuropa ySiglo XX142LEMBaPelículas cinematográficas vVideodiscos1 aCarné, Marceld1906-19969726931 aFellini, Federico, d1920-19939726941 aCacoyannis, Michaeld1922-2011 9726951 aVigo, Jean,d1905-19349726961 aTati, Jacquesd1907-19829726971 aDe Sica, Vittoriod1901-1974972698 2ddccDVD aBogotábFonolibros de Colombiac[2007] atextobtxt2rdacontent asin mediaciónbn2rdamedia avolumenbnc2rdacarrier aCO-BoRNBPbspaerdacCO-BoRNBP c6912d6912